| 000 | 00588nam a22001937a 4500 | ||
|---|---|---|---|
| 003 | OSt | ||
| 005 | 20251124150945.0 | ||
| 008 | 251124b |||||||| |||| 00| 0 eng d | ||
| 020 |
_a185516520 _cاهداء |
||
| 040 | _c. | ||
| 082 | _a892.73 Q566 2003 | ||
| 100 | _aالقصيبي ,غازي عبدالرحمن | ||
| 245 |
_a7: _b/ _cغازي عبدالرحمن القصيبي |
||
| 250 | _a3 | ||
| 260 | _bبيروت,دار الساقي ,2003 | ||
| 300 |
_a340 ص _c24 سم |
||
| 650 | _zأدب عربي | روايات معاصرة | نقد اجتماعي | ||
| 942 |
_2ddc _cBK-AR _n0 |
||
| 999 |
_c8165 _d8165 |
||